00310 a2200097 4500001001000000005001700010008004100027245006400068100002400132773005600156ART_4082320260410161754.0260409a 10a¿Una nueva vía de escape en el proceso penal tributario?1 aSequeira, Marcos A.0 tDoctrina tributariag- Nº 441 (dic. 2016)wREV4296